Tesaurus Bahasa Melayu
| Format: | Book |
|---|---|
| Published: |
Kuala Lumpur :
Times Books International ,
1992
|
| Subjects: |
MARC
| LEADER | 00000cam a2200000 7i4500 | ||
|---|---|---|---|
| 001 | 0000007981 | ||
| 005 | 20011106.0 | ||
| 020 | |a 9812042296 | ||
| 090 | 0 | 0 | |a 488.21 |b TES |
| 245 | 0 | 0 | |a Tesaurus Bahasa Melayu |c Prof. Madya Noor Ein Mohd Noor..(et al) |
| 260 | |a Kuala Lumpur : |b Times Books International , |c 1992 | ||
| 300 | |a 672 p. ; |c 23 cm. | ||
| 650 | 0 | 0 | |a Malay language |x Synonyms and antonyms |
| 999 | |a 029371 |b BUKU |c RUJUKAN |e PERPUSTAKAAN KOMUNITI PETALING JAYA | ||